000 00607nam a2200181Ia 4500
008 090124s9999 xx 000 0 und d
082 _b8435
_a1995
100 _aभावे पु. भा. (पुरुषोत्तम भास्कर)
245 _a फुलवा
250 _a1
260 _c1954
300 _a111
600 _aभावे पु. भा. (पुरुषोत्तम भास्कर)
630 _a फुलवा
700 _aभावे पु. भा. (पुरुषोत्तम भास्कर)
730 _a फुलवा
942 _cBOOK
999 _c122376
_d122376